[Event "Olympiad-40"]
[Site "Istanbul"]
[Date "2012.08.31"]
[Round "4.2"]
[White "Hansen, Torbjorn Ringdal"]
[Black "Navara, David"]
[Result "0-1"]
[WhiteElo "2469"]
[BlackElo "2691"]
[Annotator "Stohl,I"]
[PlyCount "66"]
[EventDate "2012.08.28"]
[EventType "team-swiss"]
[EventRounds "11"]
[EventCountry "TUR"]
[SourceTitle "CBM 151"]
[Source "ChessBase"]
[SourceDate "2012.11.13"]
[SourceVersion "1"]
[SourceVersionDate "2012.11.13"]
[SourceQuality "1"]
[WhiteTeam "Norway"]
[BlackTeam "Czech Republic"]
[WhiteTeamCountry "NOR"]
[BlackTeamCountry "CZE"]

1. c4 e5 2. Nc3 Bb4 3. Nd5 Be7 {The most solid retreat, Black doesn't insist
on keeping his bishop-pair.} (3... Bc5 4. e3 $5 (4. Nf3 c6 5. Nc3 d6 6. d4 exd4
7. Nxd4 Nf6 8. e3 O-O 9. Be2 d5 10. cxd5 Nxd5 11. O-O Nf6 12. h3 Re8 13. Qc2
Nbd7 14. Rd1 Qe7 15. b3 Nf8 16. Na4 Bd6 17. Bb2 Qe5 18. Nf3 Qe7 19. Nd4 Qe5 20.
Nf3 Qe7 21. Nd4 {1/2,Zvjaginsev,V (2683)-Moiseenko,A (2706)/RUS-chT Sochi/2012/
}) 4... c6 (4... Nf6 5. Ne2 Nxd5 6. cxd5 O-O 7. g3 d6 8. d4 Bb4+ 9. Bd2 Bxd2+
10. Qxd2 Bg4 11. Bg2 Bxe2 12. Kxe2 Nd7 13. Rhc1 f5 14. Rc3 f4 15. exf4 exf4 16.
Kf1 fxg3 17. hxg3 Nf6 18. Qe2 Kh8 19. Rac1 Rf7 20. Kg1 h6 21. Qe6 Re7 22. Qf5
Rc8 23. Bh3 $36 {Timofeev,A (2641)-Artemiev,V (2459)/Tyumen/2012/}) 5. d4 Bd6 (
5... cxd5 6. dxc5 Qa5+ 7. Bd2 Qxc5 8. Qg4 g6 9. cxd5 Qxd5 10. Bc4 $44) 6. Nc3
Qe7 7. Nf3 exd4 8. Qxd4 Nf6 9. Bd3 Bc5 10. Qh4 d5 11. O-O Be6 12. cxd5 cxd5 13.
Nd4 Nc6 14. Nxc6 bxc6 15. b3 Rb8 16. Ne2 Bd6 17. Nd4 Bd7 18. Bb2 Ng4 19. Qxe7+
Kxe7 20. Nf5+ Bxf5 21. Bxf5 Nh6 22. Bd3 f6 23. Rac1 Kd7 24. e4 $16 {Reinderman,
D (2583)-Nyzhnyk,I (2619)/Vlissingen/2012/}) 4. g3 {While this is played quite
often, definitely the main (and most testing) continuation is} (4. d4 d6 5. e4
{[%csl Gc4,Gd4,Ge4]}) 4... c6 {Forcing the Nd5 to declare its intentions is
natural enough.} ({However,} 4... Nf6 {is equally playable:} 5. Nxe7 $142 (5.
Bg2 O-O (5... Nxd5 6. cxd5 c5 $5 7. dxc6 $6 (7. d3 d6 $11) 7... Nxc6 8. e4 O-O
9. Ne2 Bc5 10. O-O d6 11. d3 {Jones,C (2215)-Gulko,B (2625)/Las Vegas/1993/}
Bg4 $15) 6. Nf3 Nxd5 7. cxd5 d6 8. d4 e4 9. Ng1 f5 10. h4 c6 11. dxc6 Nxc6 12.
Nh3 d5 13. Nf4 Bf6 14. e3 Qd6 15. O-O Be6 16. Bd2 Be7 17. Qe2 Qd7 18. Rfc1 Bf7
19. Qe1 Bd6 20. Nh3 h6 21. b4 a6 $15 {(),Apicella,M (2529)-Degraeve,J (2569)/
St Chely d'Aubrac/2010/}) 5... Qxe7 6. Bg2 O-O 7. d3 (7. e3 Rd8 8. Ne2 d5 $1 9.
cxd5 Nxd5 10. a3 Nc6 11. O-O e4 12. Qc2 Bg4 13. Nc3 Nxc3 14. dxc3 Bf3 15. Bxf3
exf3 16. Qf5 Ne5 17. e4 g6 18. Qf4 Qe6 19. Qh4 f6 20. Be3 Nd3 21. b4 Rd6 22.
Bd4 Rf8 23. h3 g5 $17 {[%csl Gf3] Poldauf,D (2433)-Timman,J (2565)/Bundesliga/
2007/CBM 118 (38)}) 7... c6 8. Nf3 d5 9. cxd5 (9. O-O Rd8 (9... Bg4 10. h3 Bh5
11. cxd5 Nxd5 12. a3 a5 13. b3 f6 14. Qc2 Bf7 15. e4 Nc7 16. d4 Nd7 17. Bb2 c5
$5 18. dxe5 fxe5 19. a4 Na6 20. Qc3 Rfe8 $13 {[%cal Ya6b4,Yb4c6] Relange,E 
(2435)-Benitah,Y (2285)/Clichy/1997/}) 10. cxd5 cxd5 11. Bg5 Nc6 12. Qa4 h6 13.
Bxf6 Qxf6 14. Nd2 Qe7 15. Rfc1 Nd4 16. Kf1 Bd7 17. Qa3 Qxa3 18. bxa3 Bc6 19.
Rab1 Rac8 20. Bh3 Bd7 21. Bxd7 Rxc1+ 22. Rxc1 Rxd7 $11 {Christiansen,L (2555)
-Beckemeier,W (2365)/Bundesliga/1996/}) 9... cxd5 10. O-O Nc6 11. Be3 h6 12.
Rc1 d4 13. Bd2 Rd8 14. b4 a6 15. a4 e4 (15... Nd5 $132) 16. dxe4 Nxe4 17. b5
axb5 18. axb5 Nb4 19. Rc4 (19. Bxb4 $142 Qxb4 20. Qd3 Nc3 21. Nxd4 Nxb5 22.
Qxb5 Qxd4 23. e3 $14) 19... Nc3 20. Bxc3 dxc3 21. Qb3 {Kalinitschew,S (2520)
-Wells,P (2495)/Regensburg/1997/} Nd5 $1 $36 {[%csl Gc3]}) ({Also interesting
is} 4... f5 $5 {striving for a Dutch setup:} 5. Bg2 Nf6 6. Nxf6+ Bxf6 7. e3 O-O
8. Ne2 d6 9. O-O Kh8 10. d3 Qe8 11. Rb1 Nd7 12. b4 a6 13. c5 $5 dxc5 14. bxc5
Nxc5 15. Qc2 Be7 16. d4 f4 17. gxf4 Bf5 18. e4 exd4 19. Nxd4 Bd7 20. Be3 b6 21.
f5 Ba4 22. Nb3 Rd8 $13 {Mellado Trivino,J (2460)-Lalic,B (2590)/Manresa/1995/})
5. Nxe7 Nxe7 {A difficult decision. Black's move accelerates his development,
on the other hand a f6 is a better square for the knight.} (5... Qxe7 6. Bg2 f5
$5 (6... Nf6 7. e4 $5 (7. d3 O-O 8. Nf3 d5 {transposes to the 4...Nf6 line.})
7... Na6 (7... O-O 8. Ne2 d5 $5 9. exd5 cxd5 10. cxd5 Rd8 11. Nc3 Na6 $44) 8.
Ne2 Nc5 9. Qc2 a5 10. O-O d6 11. d4 Ne6 12. Qc3 Nd7 13. c5 exd4 14. Nxd4 dxc5
15. Nxe6 fxe6 16. e5 c4 17. Be3 Qb4 18. Qd4 O-O 19. f4 c5 20. Qc3 $36 {[%csl
Ge5,Gf4,Gg3,Gh2][%cal Gg2b7,Ge3a7] 1-0 Mellado Trivino,J (2493)-Gonzalez de la
Torre,S (2245)/Andorra 2000/CBM 076 ext (30)}) 7. e3 (7. d4 $5) 7... Nf6 8. Ne2
O-O 9. O-O d6 10. b4 $6 Be6 11. d3 Nbd7 12. a4 Rab8 13. b5 e4 14. bxc6 bxc6 15.
Nd4 Rfc8 16. Ba3 c5 17. Nxe6 Qxe6 18. Rc1 Ne5 $36 {[%csl Ra3,Rc4,Ge5,Gf6,Rg2]
Gunter,D (2185)-Richards,H (2130)/Torquay/1998/}) 6. d4 {An ambitious try to
prove the Ne7 is misplaced.} (6. Bg2 d5 7. cxd5 cxd5 8. d4 (8. d3 Be6 9. Nf3 f6
10. O-O Nbc6 11. Bd2 Qd7 {[%csl Gd5,Ge5,Gf6]} 12. b4 Bh3 13. b5 Nd8 14. a4 Bxg2
15. Kxg2 O-O 16. Qb3 Ne6 17. Bb4 Rfd8 18. Rfc1 Nf5 19. e3 Kh8 20. h4 Qf7 21.
Rc2 $2 d4 $17 {[%cal Re6f4] Held,M (2166)-Luther,T (2540)/Boeblingen/2004/})
8... e4 9. Nh3 Bxh3 ({Not really necessary, Black can continue simply with} 
9... Nbc6 10. Nf4 O-O {/\} 11. f3 exf3 12. Bxf3 Bf5 $132) 10. Bxh3 Nbc6 11. O-O
O-O 12. b3 Qd6 13. a4 a5 14. Ba3 Nb4 15. Qd2 f5 16. e3 Rfc8 17. Rfc1 b6 18. Qe2
Qd7 19. Qh5 g6 20. Qg5 Kf7 21. Qh6 Kg8 $11 {Kanovsky,D (2497)-Kulovana,E (2359)
/CZE-chT/2011/ White's bishops are seriously limited and he has no advantage.})
6... e4 {Positionally more or less forced.} (6... d6 7. Bg2 $14 {[%csl Gc1,Gc4,
Gd4,Gg2] gives White a pleasant position with central control and two bishops.}
(7. dxe5 $5 dxe5 8. Qxd8+ Kxd8 9. f4 $36)) 7. f3 $5 $146 {One of the main
attractions of the 2...Bb4 line is that play can often quickly leave
theoretical paths. White's novelty is very logical:} (7. Bg2 d5 8. c5 $2 (8. f3
exf3 9. Nxf3 {transposes into the game.}) 8... O-O 9. Bf4 Nf5 10. Qd2 b6 11.
Bxb8 Rxb8 12. e3 bxc5 13. dxc5 Qf6 14. O-O-O Ba6 15. Ne2 Bxe2 16. Qxe2 Rb4 17.
Rd2 Rfb8 18. Rhd1 a5 19. Bh3 Ne7 $40 {-+,Gilevich,A-Volovikov,A (2134)/Kiev/
2004/}) (7. Bh3 Na6 (7... d5 $15) 8. Bf4 d5 9. Bxc8 Qxc8 10. Qb3 O-O 11. e3
dxc4 12. Qxc4 Nd5 13. Ne2 Qe6 14. Qb3 Nab4 15. Nc1 a5 $17 {Kvisla,J (2161)
-Lumsdon,A (2090)/Caleta/2010/}) 7... exf3 8. Nxf3 (8. e4 d5 $32 {<=>} (8...
f2+ 9. Kxf2 d5 $13)) (8. exf3 d5 9. c5 b6 $15 {[%cal Yc8a6]}) 8... d5 9. Bg2 {
[%mdl 512] White prefers to sacrifice a pawn.} (9. cxd5 cxd5 10. Bg2 Nbc6 $11 {
allows Black to develop comfortably.}) 9... dxc4 {Accepts the challenge.} ({
Navara considered also the alternative} 9... O-O 10. O-O Bf5 {While this might
not be fully clear, Black's Nb8 definitely lacks a suitable square.}) 10. Qc2 (
{The engines prefer} 10. O-O O-O 11. b3 cxb3 12. axb3 $13 ({or} 12. Qxb3 $44 {
Hansen will later on return to the idea of undermining Black's queenside.}))
10... Be6 11. O-O O-O 12. e4 {[%csl Gd4,Ge4]} (12. b3 $5 $13) 12... f6 {
Black doesn't want to commit his Nb8 yet and first prevents any ideas with Ng5.
} (12... h6 13. Be3 Nd7 14. Rad1 {[%cal Yc2d2,Ye3h6]} Qa5 $5 $13 ({Navara was
worried about sacrificial ideas against h6 and didn't like the line} 14... f5
15. d5 $1 cxd5 16. Nd4 $36)) (12... Na6 13. Be3 $44 Nb4 $6 14. Qc3 Nd3 15. b3
b5 16. a4 $14) 13. Be3 Na6 (13... Nd7 14. Rad1 b5 15. d5 $5 cxd5 16. Nd4 Bg4
17. Rd2 $13 {Navara}) 14. Nd2 $1 ({Black expected mainly} 14. Rad1 Nb4 15. Qd2
Nd3 $132 {, now he must weaken his queenside.}) 14... b5 {Otherwise White has
just a an advantage for free.} 15. a4 (15. b3 $5 cxb3 16. Nxb3 Re8 {leads to
an unclear position. White has reasonable compensation, but getting something
more tangible than a strong centre is not so easy.}) 15... Nb4 16. Qc3 a5 17.
axb5 cxb5 18. d5 Bg4 {Playing for a win is not without risk.} (18... Bd7 19. b3
cxb3 20. Nxb3 (20. Qxb3 Ng6 {/\} 21. Bc5 Ne5 $1 22. Bxf8 Qxf8 $15 {[%csl Ga5,
Gb5]}) 20... Rc8 21. Nc5 Na6 22. Qa3 Nxc5 23. Bxc5 Re8 24. Bxe7 Qb6+ 25. Kh1 b4
26. Qxa5 Qxa5 27. Rxa5 Rxe7 $11) (18... Bxd5 $5 19. exd5 Nexd5 20. Bxd5+ (20.
Qd4 Nxe3 21. Qxe3 Re8 22. Be4 Ra6 $36 {[%cal Ya6e6]}) 20... Nxd5 21. Qd4 Re8
$11 ({or} 21... Nxe3 22. Qxe3 Re8 $11 {was arguably the safest choice. The
resulting position is roughly equal, but still complex.})) 19. b3 Be2 ({
Navara saw that} 19... cxb3 20. Nxb3 Rc8 21. Bc5 Na6 22. Bxe7 Qxe7 23. Qxa5 Nc5
{was probably good enough for a draw, but he was in his usual fighting mood.}
24. Qb4 (24. Qxb5 Nxe4 25. Rfe1 f5 $5 (25... Nd6 26. Rxe7 Nxb5 27. h3 $14) 26.
Nd4 Qe5 $132) 24... Rfe8 25. Nd4 Bd7 (25... Nxe4 $2 26. Qxe7 Rxe7 27. Nc6 Ree8
28. Rf4 $18) 26. Nc6 Bxc6 27. dxc6 Rxc6 28. e5 Rcc8 29. exf6 gxf6 30. Qxb5 $14
{/=}) 20. Rf2 (20. bxc4 Bxf1 21. Rxf1 $13 {might be unclear, but the text move
is certainly more logical.}) 20... Bd3 21. bxc4 bxc4 22. Bh3 $1 $36 (22. Nxc4
$2 Rc8 $17) 22... Kh8 ({The computer beautifully parries} 22... f5 {with} 23.
Bc5 Qc7 24. Nb3 $1 Nexd5 (24... Ra6 25. Rxa5 $1 Nexd5 (25... Rxa5 26. d6 $18) (
25... cxb3 26. d6 Rxd6 (26... Qxa5 27. dxe7 Rfa8 28. Qxb3+ Kh8 29. Qf7 Bc4 30.
Qf8+ Bg8 31. Bd4 Rg6 32. exf5 Nc6 33. fxg6 Nxd4 34. gxh7 Kxh7 35. e8=Q Rxe8 36.
Qxe8 $18) 27. Ra7 $1 $18) 26. exd5 Nxd5 27. Qd4 Rxa5 28. Nxa5 Qxa5 29. Qxd5+
$18) (24... cxb3 25. d6 Ned5 $8 26. dxc7 $1 Nxc3 27. Bxf8 Nc2 (27... Nxe4 28.
Rb2 Rxf8 29. Bxf5 $16) 28. Bxf5 Ne2+ (28... Nxa1 29. Be6+ Kh8 30. Rf7 $18) 29.
Rxe2 Bxe2 30. Rb1 Nd4 31. Bc5 Nxf5 32. Rxb3 Rc8 33. exf5 $16 Rxc7 $4 34. Rb8+
Kf7 35. Rf8#) 25. exd5 cxb3 26. d6 (26. Bxb4 axb4 $1 27. Qxc7 Rxa1+ 28. Bf1 b2
29. Rxb2 Rxf1+ 30. Kg2 f4 $132) 26... Qc6 27. Qxb3+ Qd5 28. Qxd5+ Nxd5 29. d7
$16) (22... Re8 $5 {/\} 23. Bc5 Nexd5 24. exd5 Qxd5 25. Bb6 Qb5 $132) 23. Be6 (
23. Bc5 $1 Qc7 24. Nb3 Ra6 (24... Nbxd5 25. exd5 Nxd5 26. Qd4 $14) 25. Qd4 $1 (
25. Rxa5 $2 {doesn't work as in the above line:} cxb3 26. Bxb4 Qxc3 27. Bxc3
Rxa5 28. Bxa5 Bxe4 $11) 25... cxb3 26. d6 $14) 23... Ng6 (23... Re8 $142 $1 24.
Bc5 Nbxd5 25. exd5 Nxd5 $132) 24. Bc5 $6 (24. Nxc4 $142 Bxe4 25. Rd2 $36 {
[%csl Gd5]} Bxd5 $2 (25... Nxd5 $2 26. Bxd5 Bxd5 27. Nb6 $18) 26. Bb6 $18)
24... Ne5 25. Bxf8 (25. Rf5 $5 {[%cal Yf5e5]} Qb8 $15) 25... Qxf8 $36 {White
used his best minor piece to win an exchange and the initiative has
unequivocally passed to Black.} 26. Re1 $2 {Prepares Nf3, but here the rook is
miplaced, as it's exposed to Nc2.} (26. Qxe5 $142 fxe5 27. Rxf8+ Rxf8 28. Rxa5
c3 29. Nb3 Bc4 30. Rc5 $5 $15 {is a computer reccomendation. The passed pawn
is surprisingly strong, e.g. White holds after} Bxb3 31. Rxc3 Bc2 32. Bg4 Rb8
33. d6 Bxe4 34. d7 Nc6 35. Rc4 Bd5 36. Rc5 Ne7 37. Rc8+ Rxc8 38. dxc8=Q+ Nxc8
39. Bxc8 $11) (26. Rxa5 Rxa5 27. Qxe5 Ra8 $1 {[%cal Rf6e5]} 28. Qc3 Nc2 {
[%cal Ra8a3]} 29. Nxc4 Qc5 30. d6 (30. Qxd3 Ra1+ 31. Kg2 Ne1+) 30... Ne3 $19 {
[%cal Rd3c4,Re3g4] Navara}) (26. Nf3 $2 Nxf3+ 27. Rxf3 Qc5+ 28. Rf2 Bxe4 $19)
26... Qc5 $1 27. g4 (27. Ra1 Nc2 28. Ra2 (28. Ra4 Ne3 $19 {[%cal Re3g4]}) 28...
Be2 $5 {[%cal Re5d3]} (28... Nd4 $40) 29. Nb3 cxb3 $1 30. Rxc2 Bc4 31. Rcd2 a4
$19) 27... Nc2 ({Wins as well, but a more energetic try was} 27... Na2 $5 28.
Qa1 c3 29. Qxa2 (29. Nb3 Nf3+ 30. Kg2 Nxe1+ 31. Qxe1 Qc4 $19) 29... cxd2 30.
Rd1 (30. Qxd2 Nf3+) 30... Nf3+ 31. Kg2 Nh4+ 32. Kg1 Qe3 $19) 28. Rc1 Nd4 $19
29. Kg2 Ne2 (29... Nb5 $5 30. Qa1 c3 $19) 30. Rxe2 Bxe2 {[%cal Re5d3]} 31. Nb3
Qb4 32. Nd4 (32. Nd2 Nd3 33. Qxb4 axb4 34. Rxc4 Ne1+ $19) 32... Bd3 {[%csl Re4]
} 33. Qe1 $6 {Otherwise White would lose the Pe4, but this shortens his
suffering.} Qb2+ {[%cal Rb2d4]} 0-1

[Event "St Petersburg op"]
[Site "St Petersburg"]
[Date "1995.??.??"]
[Round "6"]
[White "Yakovich, Yuri"]
[Black "Solozhenkin, Evgeniy"]
[Result "1-0"]
[WhiteElo "2550"]
[BlackElo "2490"]
[Annotator "Svidler,P"]
[PlyCount "67"]
[EventDate "1995.05.??"]
[EventType "swiss"]
[EventRounds "9"]
[EventCountry "RUS"]
[SourceTitle "CBM 046 Extra"]
[Source "ChessBase"]
[SourceDate "1995.07.01"]
[SourceVersion "1"]
[SourceVersionDate "1995.07.01"]
[SourceQuality "1"]

1. c4 {Yakovich} e5 2. Nc3 Bb4 3. Nd5 Be7 4. d4 d6 5. e4 Nf6 (5... Nc6 6. Ne2
f5 $5 7. exf5 Bxf5 8. dxe5 dxe5 9. Nec3 Nb4 10. Nxb4 Qxd1+ 11. Nxd1 Bxb4+ 12.
Bd2 Bxd2+ 13. Kxd2 O-O-O+ 14. Kc3 Nf6 15. f3 Rd4 16. Ne3 Bg6 17. Be2 Rhd8 18.
Rad1 c6 $10 {Vaulin,A-Maljutin,E/Moscow/1995/0,5/22/}) 6. Nxe7 Qxe7 7. f3 Nh5
8. Be3 (8. Ne2 O-O 9. g4 $5 Qh4+ 10. Kd2 Nf6 (10... Nf4 11. Nxf4 exf4 12. Kc2
$16) 11. Qe1 Qh6+ 12. Kd1 Qg6 13. Rg1 Nfd7 14. d5 c6 15. Be3 cxd5 16. cxd5 Na6
{Fridman,D-Sulskis,S/Riga(zt)/1995/0,5/40/} 17. Nc3 Nac5 18. Kc2 $14) 8... O-O
9. Ne2 (9. d5 f5 $6 (9... g6 $5) 10. exf5 Nf4 11. g4 $1 b5 12. cxb5 Bb7 13. Bc4
Nd7 14. Ne2 Ng2+ 15. Kf2 Nxe3 16. Kxe3 Qg5+ 17. Kf2 Qh4+ 18. Ng3 e4 19. fxe4
Nf6 20. Kg2 Nxg4 21. Qd4 $16 {Ledger,J-Hebden,V/Hastings(6)/1995/0,5/37/}) 9...
c5 $6 {N/} (9... exd4 $142 $1 10. Nxd4 (10. Qxd4 Nc6 11. Qd2 (11. Qd5 Ne5 12.
Ng3 Nxg3 13. hxg3 Be6 14. Qd4 c5 15. Qc3 f5 16. exf5 Bxf5 $132) 11... f5 12.
exf5 (12. Nc3 fxe4 13. Nxe4 (13. fxe4 Bg4 $1 $36) 13... Bf5 14. Bd3 Ne5 15. O-O
Nxd3 16. Qxd3 Bxe4 17. fxe4 Nf6 $15) 12... Bxf5 13. Nc3 (13. g4 $2 Ne5 $1)
13... Nb4 14. Rc1 Nc2+ (14... Rae8 15. Kf2 Qh4+ 16. Kg1 $13) 15. Rxc2 (15. Kf2
Nxe3 16. Qxe3 Qh4+ 17. Kg1 Rae8 $17) 15... Bxc2 16. Nd5 Qh4+ 17. Bf2 Rae8+ 18.
Be2 (18. Ne3 Qf4 19. Qxc2 Rxe3+ 20. Bxe3 Qxe3+ $17) 18... Qxc4 19. Ne3 Rxe3 20.
Bxe3 Qc6 21. O-O $44) 10... f5 $1 11. Bd3 fxe4 12. Bxe4 (12. fxe4 $2 Qh4+)
12... Nf6 13. Bg5 Qe5 14. Bxf6 Qxf6 15. O-O Na6 $14) 10. dxc5 (10. d5 $2 {
Yakovich} f5 11. exf5 Bxf5 12. g4 e4 $1) 10... dxc5 11. Qd5 $1 Na6 $8 12. O-O-O
$14 Qf6 (12... Be6 13. Qd6 Qf6 (13... Qh4 $2 14. Qxe5 $18) 14. Nc3 Rfd8 (14...
Nf4 {-12...Qf6}) 15. Nd5 $1 Qh4 16. Qe7 Qxe7 17. Nxe7+ Kf8 18. Nd5 $14) 13. Nc3
(13. Bxc5 $2 Be6 14. Qd6 Nxc5 15. Qxc5 Rfc8 16. Qd6 Bxc4 17. Qxf6 Bxa2+ $1 $17)
13... Nf4 14. Qd6 Be6 (14... Qxd6 {Yakovich} 15. Rxd6 Ne6 16. Nd5 Nd4 17. f4
$14) 15. Qd2 $1 $16 {/\ 16.Nd5} (15. Nd5 $2 Nxd5 16. cxd5 Rfd8 (16... Rad8 {
Yakovich} 17. dxe6 Rxd6 18. Rxd6 Qe7) 17. dxe6 Rxd6 18. Rxd6 $15) (15. Bxc5
Rfd8 16. Qe7 Nxc5 17. Qxc5 Nxg2 18. Bxg2 Qg5+ 19. Kb1 Qxg2 $13) 15... Nb4 (
15... Rad8 {Yakovich} 16. Nd5 Bxd5 17. exd5) 16. Bxc5 (16. Nd5 Nbxd5 (16...
Bxd5 17. cxd5 $16) 17. cxd5 Bd7 18. Kb1 b6 19. g3 Ng6 20. f4 $16) 16... Rfd8
17. Qe3 Rxd1+ 18. Nxd1 Nxa2+ (18... Nc6 {Yakovich} 19. Kb1 $1 b6 20. Ba3 Rd8
21. Nc3 $16) 19. Kb1 Qd8 (19... Rd8 {Yakovich} 20. Nf2) 20. Nf2 Rc8 (20... Qa5
21. Qa3 Qe1+ 22. Kxa2 $18 (22. Kxa2 {Yakovich} Rd8 23. Bd3 Qd2 24. Rd1)) 21.
Kxa2 Qa5+ 22. Ba3 $18 b5 23. g3 b4 (23... Ng6 24. b4 $1 $18 (24. Qc3 Qb6 25.
Nd1 a5 $1 $16) (24. Kb1 {Yakovich} b4 25. Qd2 $18)) 24. gxf4 exf4 25. Qc1 bxa3
26. b3 Rb8 27. Bd3 h5 28. Qc2 Qc5 29. Nd1 a5 30. Nc3 Qe3 31. Qe2 Qd4 32. Rc1
Rd8 33. Nd5 Rb8 34. Rb1 1-0

[Event "Olympiad-32"]
[Site "Yerevan"]
[Date "1996.09.25"]
[Round "9.2"]
[White "Haba, Petr"]
[Black "Damaso, Rui"]
[Result "0-1"]
[WhiteElo "2485"]
[BlackElo "2420"]
[Annotator "Vorotnikov,V"]
[PlyCount "48"]
[EventDate "1996.09.15"]
[EventType "team-swiss"]
[EventRounds "14"]
[EventCountry "ARM"]
[SourceTitle "CBM 055"]
[Source "ChessBase"]
[SourceDate "1996.12.01"]
[SourceVersion "1"]
[SourceVersionDate "1996.12.01"]
[SourceQuality "1"]
[WhiteTeam "Czech Republic"]
[BlackTeam "Portugal"]
[WhiteTeamCountry "CZE"]
[BlackTeamCountry "POR"]

1. d4 d6 2. c4 e5 3. Nc3 exd4 4. Qxd4 Nf6 (4... Nc6 5. Qd2 Be6 $5 6. e4 g6 7.
b3 Bh6 8. f4 f5 9. Nf3 Nf6 10. exf5 Bxf5 11. Be2 O-O 12. Bb2 Qd7 13. O-O Rae8
14. Rae1 Bg7 15. Bd3 Bxd3 16. Qxd3 Nb4 17. Qd2 Qf5 $13 {Christiansen,L-Blatny,
P/GER/1996/}) 5. b3 (5. Bg5 $5 Nc6 6. Qd2 Be6 7. e4 h6 8. Be3 Ne5 9. b3 Neg4
10. Bd4 c5 11. Bxf6 Nxf6 12. Nge2 g6 13. g3 Bg7 14. Bg2 O-O 15. Rd1 a6 16. Qxd6
Qa5 17. Qd2 b5 18. Nd5 Qxd2+ 19. Rxd2 $16 {Lautier,J-Romero Holmes,A/Pamplona/
1992-1993/}) 5... Nc6 6. Qd2 a5 7. Bb2 (7. e4 a4 8. Rb1 axb3 9. axb3 g6 10. Bd3
Bg7 11. Nge2 Nb4 12. O-O O-O 13. Nf4 Re8 14. Rd1 Nxd3 15. Qxd3 Nxe4 16. Nxe4
Rxe4 17. Qxe4 Bf5 18. Qxb7 Bxb1 19. Nd5 Rb8 20. Qa7 Rxb3 21. Re1 h6 {Karpov,
A-Epishin,V/Dos Hermanas/1993/}) 7... a4 8. Nd5 $6 (8. Rd1 axb3 9. axb3 g6 10.
e4 Bg7 11. Bd3 Nd4 12. Bc2 Nxc2+ 13. Qxc2 O-O 14. Nge2 Nh5 15. O-O f5 16. c5
$132 {Lautier,J-Kramnik,V/Cannes/1993/}) 8... Be7 9. f3 O-O 10. e4 Ne5 11.
Nxe7+ $6 {>=11.Ne2} Qxe7 12. Ne2 b5 $1 $15 13. Ng3 (13. cxb5 d5 $40) 13... bxc4
14. Bxc4 d5 $5 15. Bxd5 Nxd5 16. Qxd5 Qb4+ 17. Kf2 Qb6+ 18. Bd4 Nd3+ $1 $44 19.
Ke3 (19. Kf1 c5 20. Qxa8 Ba6 21. Qd5 Nf4+ $19) 19... c5 20. Bxg7 $8 Kxg7 21.
Qxd3 Rd8 22. Qc3+ Kg8 23. Qe5 $4 (23. Nh5 $1 c4+ (23... Qh6+ 24. Nf4 axb3 25.
axb3 Rxa1 26. Rxa1 Ba6 27. Rxa6 Qxa6 28. Nd5 $16) 24. Ke2 Qg6 25. Nf6+ Kf8 26.
g4 $13) 23... c4+ 24. Kf4 Ra5 $1 0-1